000 01011cam a2200277 a 4500
999 _c234525
_d234525
001 2470581
003 Nust
005 20170322103711.0
008 900404s1991 nyuc 000 0aeng
010 _a 90035891
020 _a9780099914303
_c$19.95
040 _aDLC
_cDLC
_dDLC
043 _an-us---
050 0 0 _aPS3568.O855
_bZ468 1991
082 0 0 _a813.54
_bROT
100 1 _aRoth, Philip.
245 1 0 _aPatrimony :
_ba true story /
_cPhilip Roth.
260 _aNew York :
_bSimon and Schuster,
_c1991.
300 _a238 p. :
_bport. ;
_c25 cm.
600 1 0 _aRoth, Philip
_xFamily.
600 3 0 _aRoth family.
650 0 _aNovelists, American
_y20th century
_xFamily relationships.
906 _a7
_bcbc
_corignew
_d1
_eocip
_f19
_gy-gencatlg
942 _2ddc
_cBK